| 000 | 00587nam a2200181Ia 4500 | ||
|---|---|---|---|
| 001 | 25279 | ||
| 005 | 20260414151139.0 | ||
| 008 | 260414t2022||||xx |||||||||||||| ||spa|| | ||
| 041 | _aESP | ||
| 082 |
_a346.431 _bE91T |
||
| 100 |
_aEsquivel Oviedo, Juan Carlos, _eAUT |
||
| 245 | 0 |
_aTodo sobre el régimen registral de la propiedad inmueble : _bodos los problemas relacionados con la propiedad inmobiliaria según los casos resueltos por el Tribunal Registral |
|
| 260 | _c2022 | ||
| 300 |
_a1022 páginas : _c25 cm. |
||
| 650 | _aDER | ||
| 654 | _aCDE | ||
| 942 |
_cLIB _dJUS _fJUS _2ddc _n |
||
| 999 |
_c25279 _d25279 |
||